| 000 | 00799cam a2200277 a 4500 | ||
|---|---|---|---|
| 999 |
_c5291 _d5291 |
||
| 001 | 17439080 | ||
| 003 | GZU | ||
| 005 | 20210331095119.0 | ||
| 008 | 120823s2012 rh b 000 0 sna | ||
| 010 | _a 2012313295 | ||
| 020 | _a9780869228449 | ||
| 040 |
_aDLC _cDLC |
||
| 042 |
_alcode _apcc |
||
| 050 | 0 | 0 |
_aPL8681.1 _b.D83 2012 |
| 245 | 0 | 0 |
_aDudziramutauro rechiShona / _cShumirai Nyota |
| 260 |
_aHarare : _bAcademic Books, _c1999. |
||
| 300 | _a72 p. ; | ||
| 504 | _aIncludes bibliographical references | ||
| 520 | _aOn Shona grammar. | ||
| 546 | _aIn Shona. | ||
| 650 | 0 |
_aShona language _xGrammar. |
|
| 700 | 1 | _aMagwa, Wiseman. | |
| 906 |
_a7 _bcbc _corigode _d3 _encip _f20 _gy-gencatlg |
||
| 942 |
_2lcc _cBK _h8681.1 _iNYO _kPL _m1999 |
||